| 000 | 00370 a2200121 4500 | ||
|---|---|---|---|
| 001 | 65304 | ||
| 082 | _a158 COV | ||
| 090 |
_c38331 _d38331 |
||
| 100 | _aStephen Covey | ||
| 245 |
_aSeven habits of highly effective people; powerful lessons in personal change _brestoring the character ethic |
||
| 260 |
_aLahore _bCombine Printers, West view press _c1989 |
||
| 300 | _a358p | ||
| 942 |
_aNUST-CAE _k158 COV |
||
| 999 |
_c300377 _d300377 |
||